Statistics for Wettest inhabited places

Click here to take the quiz!

General Stats

  • This quiz has been taken 13 times
  • The average score is 2 of 10

Answer Stats

Hintinches per yearAnswer% Correct
Liberia202 inchesMonrovia
92%
India450 inchesCherrapunji
33%
Papua New Guinea183 inchesLae
25%
Colombia354 inchesQuibdo
17%
India467 inchesMawsynram
8%
American Samoa196 inchesPago Pago
8%
Colombia265 inchesBuenaventura
0%
Cameroon405 inchesCape Debundsha
0%
Myanmar (Burma)191 inchesMoulmein
0%
Hawaii460 inchesMt.Waialeale
0%

Score Distribution

Percentile by Number Answered

Percent of People with Each Score

Your Score History

You have not taken this quiz